| 000 | 00663nam a22002417a 4500 | ||
|---|---|---|---|
| 003 | UA-OsUOA | ||
| 001 | 97063 | ||
| 007 | ta | ||
| 008 | 20130326b un ||||| |||| 00| 0 ukr d | ||
| 100 | _aТаглина О. В. | ||
| 090 |
_a821.161.2 _bТ12 |
||
| 942 | _cBK | ||
| 040 |
_aUA-OsUOA _brus _cUA-OsUOA _dUA-OsUOA |
||
| 245 | _aСтихи и песни "Словечко в простоте" | ||
| 300 | _a104 с. | ||
| 955 | _a3 | ||
| 041 | _arus | ||
| 080 | _a821.161.2 | ||
| 020 | _a966-96559-8-6 | ||
| 260 |
_aХарьков _bНовасофт _c2012 |
||
| 650 | 7 |
_a82 Література. Літературознавство _2UDC |
|
| 999 |
_c383306 _d383306 |
||